00546nam a2200121Ia 4500020001800000082002200018245004200040260003900082500023300121650002100354650002500375700002400400 a81-7648-088-6 aRR 920.05403 ENC- 0aEncyclopaedia of the Indian biography aNew DelhibA.P.H. Publishingc2000 acontents: 8 vols. vol.1.(A-B), (xxv, 627p.) - v.2 (C-D), (xxvii, 723p.) - v.3 (E-H), (xxv, 621p.) - v.4 (I-K), (xxvii, 698p.) - v.5 (L-N), (xxxi, 715p.) - v.6 (O-R), (xxx, 699p.) - v.7 (S), (xxv, 537p.) - v.8 (T-Z), (xxv, 472p.) aIndiavBiography aIndiavEncyclopedias aSingh, Nagendra Kr.